000 00584nam a2200181 i 4500
001 74821
003 ES-MaACL
005 20250911063541.0
007 t|
008 040921s1957 sp ||||1| spa d
100 1 _aGracián, Baltasar,
_d1601-1658
_959478
245 1 0 _aPensamientos /
_cde Baltasar Gracián ; selección y notas de Antonio C. Gavaldá.
260 _aBarcelona :
_bSintes,
_c[1957] (
_ePalma de Mallorca :
_fSoler)
300 _a111 p. ;
_c17 cm.
700 1 _aCunillera, Antonio.
_942180
852 _aES-MaACL
_jC-18091
_bR.42192
999 _c74821
_d74821